Представление документа в формате MARC21

Поле Инд. ПП Название Значение
Тип записи a
Библиографический уровень b
001 Контрольный номер RU/IS/BASE/440604711
005 Дата корректировки 20200630193233.7
008 Кодируемые данные 20131217
040 b Код языка каталог. rus
e Правила каталог. PSBO
041 0_ a Код языка текста rus
084 a Индекс другой классификации/Индекс ББК 65в; 60.027
100 1_ a Автор Мартыненко В. В.
q Полное имя Мартыненко Владимир Владимирович
245 10 a Заглавие Кредитная природа социальных отношений
504 a Библиография Библиогр. - Примеч.: с. 35 - 36
520 0_ a Аннотация В статье обосновывается необходимость философского переосмысления концепции социального развития, а также подходов к определению стратегических задач, функций и эффективности деятельности государства. Подчеркивается важность изменения ракурса зрения на естественно-исторические процессы и закономерности формирования прав и обязанностей членов общества. В контексте решения фундаментальных проблем социального развития раскрываются условия и предпосылки для формирования в обществе таких правовых отношений, которые были бы по преимуществу нацелены на обеспечение социального развития
650 14 a Основная рубрика социальная философия
a Основная рубрика философия
a Основная рубрика экономика
653 1_ a Ключевые слова государство
a Ключевые слова денежная политика
a Ключевые слова деньги
a Ключевые слова естественные права
a Ключевые слова кредитные отношения
a Ключевые слова общественные отношения
a Ключевые слова социальная политика
a Ключевые слова социальное развитие
a Ключевые слова социальное страхование
a Ключевые слова социальные отношения
a Ключевые слова социальные права
a Ключевые слова философия хозяйства
773 08 t Заглавие источника Вопросы философии
d Дата издания источника 2013
g Прочая информация № 5. - С. 27 - 36
w Контрольный № источника RU/IS/BASE/424277693
901 t Тип документа b